[Event "Budapest FS09 Nadassy"]
[Site "Budapest"]
[Date "2021.09.08"]
[Round "5.2"]
[White "Poor, Sandor"]
[Black "Reh, Philipp"]
[Result "1-0"]
[WhiteElo "1971"]
[BlackElo "2007"]
[PlyCount "81"]
[EventDate "2021.09.04"]
[EventType "schev"]
[EventRounds "12"]
[EventCountry "HUN"]
[SourceTitle "EXT 2022"]
[Source "ChessBase"]
[SourceDate "2021.10.06"]
[SourceVersion "1"]
[SourceVersionDate "2021.10.06"]
[SourceQuality "1"]
[WhiteTeam "Stronger"]
[BlackTeam "Weaker Row"]
[WhiteTeamCountry "HUN"]
[BlackTeamCountry "HUN"]

1. d4 d6 2. c4 e5 3. Nf3 e4 4. Ng5 f5 5. h4 Be7 6. g3 Nf6 7. Nc3 0-0 8. Nh3 c6 9. Nf4 Na6 10. e3 Nc7 11. a3 Ne6 12. Nce2 Ng4 13. Nxe6 Bxe6 14. Nf4 Bf7 15. Be2 Qd7 16. Bd2 b5 17. cxb5 cxb5 18. Rc1 a5 19. Bxg4 fxg4 20. d5 Bf6 21. Bc3 Be5 22. Qd2 Rfc8 23. 0-0 a4 24. Ne2 Qb7 25. Bxe5 dxe5 26. Nc3 Rc5 27. Rfd1 Rd8 28. Qe2 h5 29. Nxe4 Rxc1 30. Rxc1 Bxd5 31. Ng5 Bh1 32. e4 Bf3 33. Nxf3 gxf3 34. Qxf3 Rf8 35. Qe3 Qd7 36. Kg2 Qb7 37. Rc5 Re8 38. Qd3 Rb8 39. Rxe5 g6 40. Qd6 Qb6 41. Re8+ 1-0

[Event "Budapest FS09 Nadassy"]
[Site "Budapest"]
[Date "2021.09.07"]
[Round "4.3"]
[White "Kahn, Evarth"]
[Black "Reh, Philipp"]
[Result "1-0"]
[WhiteElo "2115"]
[BlackElo "2007"]
[PlyCount "61"]
[EventDate "2021.09.04"]
[EventType "schev"]
[EventRounds "12"]
[EventCountry "HUN"]
[SourceTitle "EXT 2022"]
[Source "ChessBase"]
[SourceDate "2021.10.06"]
[SourceVersion "1"]
[SourceVersionDate "2021.10.06"]
[SourceQuality "1"]
[WhiteTeam "Stronger"]
[BlackTeam "Weaker Row"]
[WhiteTeamCountry "HUN"]
[BlackTeamCountry "HUN"]

1. e4 d6 2. d4 g6 3. h4 h5 4. Nc3 Nf6 5. Bc4 c6 6. Bg5 Bg7 7. Qd2 b5 8. Bd3 Qb6 9. Nf3 Bg4 10. e5 Bxf3 11. exf6 exf6 12. Bf4 Bxg2 13. Rg1 Bd5 14. Bxd6 Kd8 15. 0-0-0 Nd7 16. Bc5 Qc7 17. Nxd5 cxd5 18. Qb4 a6 19. Be7+ Kc8 20. Rg3 Nb6 21. b3 a5 22. Qxb5 Bh6+ 23. Kb1 Rb8 24. Qa6+ Qb7 25. Bxf6 Re8 26. Bb5 Re6 27. Rc3+ Nc4 28. Bxc4 Qxa6 29. Bxa6+ Kd7 30. Be5 Rbb6 31. Bc8+ 1-0

[Event "Budapest FS09 Nadassy"]
[Site "Budapest"]
[Date "2021.09.06"]
[Round "3.4"]
[White "Reh, Philipp"]
[Black "Farago, Sandor"]
[Result "0-1"]
[WhiteElo "2007"]
[BlackElo "2164"]
[PlyCount "104"]
[EventDate "2021.09.04"]
[EventType "schev"]
[EventRounds "12"]
[EventCountry "HUN"]
[SourceTitle "EXT 2022"]
[Source "ChessBase"]
[SourceDate "2021.10.06"]
[SourceVersion "1"]
[SourceVersionDate "2021.10.06"]
[SourceQuality "1"]
[WhiteTeam "Weaker Row"]
[BlackTeam "Stronger"]
[WhiteTeamCountry "HUN"]
[BlackTeamCountry "HUN"]

1. Nf3 Nf6 2. d4 d6 3. c4 Nbd7 4. Nc3 c5 5. g3 b6 6. Bg2 Bb7 7. d5 g6 8. a4 Bg7 9. e4 Ba6 10. Qe2 Ng4 11. Nb5 0-0 12. 0-0 Bc8 13. h3 Ngf6 14. g4 a6 15. Nc3 h5 16. g5 Ne8 17. Ne1 Rb8 18. Bd2 e6 19. dxe6 fxe6 20. f4 Qe7 21. Nc2 Nc7 22. h4 Bb7 23. Ne3 Bd4 24. Kh2 Rf7 25. Nc2 Bg7 26. Rae1 Bc6 27. b3 b5 28. Qd3 bxa4 29. Nxa4 Rbf8 30. Kg1 Ne8 31. Bh3 Nc7 32. Qg3 Bxa4 33. bxa4 Nb6 34. Qb3 Rb8 35. f5 Be5 36. a5 Nd7 37. Qd3 Nf8 38. Ne3 Qe8 39. fxe6 Nfxe6 40. Nd5 Nd4 41. Nb6 Nce6 42. Bg2 Rbb7 43. Bh3 Kg7 44. Kh1 Qf8 45. Kg2 Nf4+ 46. Bxf4 Rxf4 47. Rb1 Rbf7 48. Nd5 Rf2+ 49. Kg1 Ne2+ 50. Qxe2 Rxe2 51. Be6 Rff2 52. Rb7+ Kh8 0-1

[Event "Budapest FS09 Nadassy"]
[Site "Budapest"]
[Date "2021.09.05"]
[Round "2.2"]
[White "Giang, Tran Nam"]
[Black "Reh, Philipp"]
[Result "0-1"]
[WhiteElo "1972"]
[BlackElo "2007"]
[PlyCount "72"]
[EventDate "2021.09.04"]
[EventType "schev"]
[EventRounds "12"]
[EventCountry "HUN"]
[SourceTitle "EXT 2022"]
[Source "ChessBase"]
[SourceDate "2021.10.06"]
[SourceVersion "1"]
[SourceVersionDate "2021.10.06"]
[SourceQuality "1"]
[WhiteTeam "Stronger"]
[BlackTeam "Weaker Row"]
[WhiteTeamCountry "HUN"]
[BlackTeamCountry "HUN"]

1. e4 g6 2. d4 d6 3. Nc3 Bg7 4. h4 h5 5. Be3 Nf6 6. f3 c6 7. Qd2 b5 8. Nh3 Bxh3 9. Rxh3 a6 10. Be2 Nbd7 11. 0-0-0 Nb6 12. Re1 Qc7 13. Bd3 0-0-0 14. Rhh1 Kb7 15. Qf2 Rc8 16. Kb1 Nfd7 17. g4 c5 18. gxh5 Rxh5 19. dxc5 Nxc5 20. Bxc5 Rxc5 21. Nd5 Nxd5 22. exd5 Bf6 23. Qd2 Ka8 24. h5 gxh5 25. Rxh5 b4 26. Rh7 Qb6 27. Qf4 Qc7 28. Qf5 Qa5 29. Qe4 Rf8 30. Rg1 Qb6 31. Re1 a5 32. Qg4 Rc7 33. Rxf7 Rxf7 34. Qg8+ Ka7 35. Qxf7 Qd4 36. c3 Qxd3+ 0-1

[Event "Budapest FS09 FM"]
[Site "Budapest"]
[Date "2016.09.06"]
[Round "4"]
[White "Reh, Philipp"]
[Black "Juracsik, Jozsef"]
[Result "1/2-1/2"]
[WhiteElo "2024"]
[BlackElo "2101"]
[PlyCount "75"]
[EventDate "2016.09.03"]
[EventType "tourn"]
[EventRounds "10"]
[EventCountry "HUN"]
[SourceTitle "CBM 174 Extra"]
[Source "ChessBase"]
[SourceDate "2016.10.10"]
[SourceVersion "1"]
[SourceVersionDate "2016.10.10"]
[SourceQuality "1"]

1. Nf3 Nf6 2. g3 b6 3. Bg2 Bb7 4. 0-0 c5 5. c4 g6 6. Nc3 Bg7 7. d4 cxd4 8. Nxd4 Bxg2 9. Kxg2 Qc8 10. Qd3 Na6 11. b3 0-0 12. Bb2 Nb4 13. Qd2 Qb7+ 14. Kg1 d5 15. a3 Na6 16. cxd5 Rad8 17. Qc2 Nxd5 18. Nxd5 Rxd5 19. Nf3 Rc8 20. Qb1 e5 21. e4 Rdc5 22. Qd3 f6 23. Rad1 Nb8 24. Rc1 Nd7 25. b4 Rxc1 26. Rxc1 Rxc1+ 27. Bxc1 Nf8 28. Qc4+ Qf7 29. Nd2 Bh6 30. Qxf7+ Kxf7 31. Kf1 Ne6 32. Ke2 Nd4+ 33. Kd3 Ke6 34. h3 f5 35. exf5+ gxf5 36. Bb2 Bxd2 37. Kxd2 Nf3+ 38. Ke3 1/2-1/2

[Event "Budapest FS09 FM"]
[Site "Budapest"]
[Date "2016.09.05"]
[Round "3"]
[White "Reh, Philipp"]
[Black "Ditze, Thomas"]
[Result "1/2-1/2"]
[WhiteElo "2024"]
[BlackElo "1896"]
[PlyCount "35"]
[EventDate "2016.09.03"]
[EventType "tourn"]
[EventRounds "10"]
[EventCountry "HUN"]
[SourceTitle "CBM 174 Extra"]
[Source "ChessBase"]
[SourceDate "2016.10.10"]
[SourceVersion "1"]
[SourceVersionDate "2016.10.10"]
[SourceQuality "1"]

1. g3 Nf6 2. Bg2 g6 3. c4 c5 4. Nf3 Bg7 5. 0-0 0-0 6. d4 cxd4 7. Nxd4 Nc6 8. Nc3 Ng4 9. e3 d6 10. b3 Nxd4 11. exd4 Nh6 12. Bb2 Nf5 13. Ne2 Rb8 14. Qd2 b5 15. cxb5 Rxb5 16. d5 Bxb2 17. Qxb2 Qb6 18. Rfd1 1/2-1/2

[Event "Budapest FS09 FM-A"]
[Site "Budapest"]
[Date "2015.09.12"]
[Round "7"]
[White "Bensaid, Simon"]
[Black "Reh, Philipp"]
[Result "1/2-1/2"]
[WhiteElo "1894"]
[BlackElo "2035"]
[PlyCount "46"]
[EventDate "2015.09.05"]
[EventType "tourn"]
[EventRounds "9"]
[EventCountry "HUN"]
[EventCategory "2"]
[SourceTitle "EXT 2016"]
[Source "ChessBase"]
[SourceDate "2015.10.08"]
[SourceVersion "1"]
[SourceVersionDate "2015.10.08"]
[SourceQuality "1"]

1. e4 g6 2. d4 d6 3. Nc3 c6 4. f4 Bg7 5. Nf3 Bg4 6. Be3 Qb6 7. Qd2 Bxf3 8. gxf3 Nd7 9. 0-0-0 Qc7 10. h4 Ngf6 11. Bh3 0-0-0 12. e5 Nd5 13. Nxd5 cxd5 14. e6 fxe6 15. Bxe6 Kb8 16. Bxd5 Nf6 17. Be6 Nh5 18. f5 gxf5 19. Rdg1 f4 20. Bxf4 Nxf4 21. Qxf4 Bf6 22. Kb1 Rhf8 23. Qe4 d5 1/2-1/2

[Event "Hessenliga 1415"]
[Site "Hessen"]
[Date "2014.10.12"]
[Round "2.7"]
[White "Wafzig, Peter"]
[Black "Reh, Philipp"]
[Result "0-1"]
[WhiteElo "2144"]
[BlackElo "2035"]
[PlyCount "52"]
[EventDate "2014.09.28"]
[EventType "team-tourn"]
[EventRounds "9"]
[EventCountry "GER"]
[SourceTitle "EXT 2016"]
[Source "ChessBase"]
[SourceDate "2015.10.08"]
[SourceVersion "1"]
[SourceVersionDate "2015.10.08"]
[SourceQuality "1"]
[WhiteTeam "Dotzheim"]
[BlackTeam "Fulda"]
[WhiteTeamCountry "GER"]
[BlackTeamCountry "GER"]

1. e4 g6 2. d4 d6 3. Nc3 Bg7 4. Bg5 c6 5. Qd2 Nf6 6. f3 b5 7. a3 a6 8. Be2 Qb6 9. g4 h5 10. e5 dxe5 11. dxe5 Nd5 12. gxh5 Bxe5 13. Nxd5 cxd5 14. 0-0-0 Be6 15. f4 Bg7 16. Bf3 Nc6 17. hxg6 Nd4 18. gxf7+ Kxf7 19. f5 Bxf5 20. Bxd5+ e6 21. Be3 Rac8 22. Bxd4 Bxd4 23. Bxe6+ Qxe6 24. Nf3 Be3 25. Ng5+ Bxg5 26. Qxg5 Rxc2+ 0-1

[Event "Budapest FS07 FM-A"]
[Site "Budapest"]
[Date "2014.07.08"]
[Round "4"]
[White "Reh, Philipp"]
[Black "Farago, Sandor"]
[Result "0-1"]
[WhiteElo "2064"]
[BlackElo "2249"]
[PlyCount "106"]
[EventDate "2014.07.05"]
[EventType "tourn"]
[EventRounds "9"]
[EventCountry "HUN"]
[SourceTitle "CBM 161 Extra"]
[Source "ChessBase"]
[SourceDate "2014.08.29"]
[SourceVersion "1"]
[SourceVersionDate "2014.08.29"]
[SourceQuality "1"]

1. Nf3 Nf6 2. g3 c5 3. c4 b6 4. Bg2 Bb7 5. 0-0 g6 6. Nc3 Bg7 7. d4 cxd4 8. Nxd4 Bxg2 9. Kxg2 Qc8 10. Qd3 Nc6 11. Nxc6 Qxc6+ 12. f3 Rc8 13. b3 0-0 14. Bb2 Rfe8 15. e4 d6 16. Rac1 Nd7 17. Qd2 a6 18. Rfd1 Qb7 19. Nd5 e6 20. Ne3 Bf8 21. Ng4 e5 22. Qd5 Rc6 23. Qd2 Rec8 24. Ba3 Qc7 25. h4 h5 26. Nf2 Kh7 27. g4 Bh6 28. g5 Bf8 29. Qd5 Nc5 30. Bxc5 Rxc5 31. Qd2 a5 32. Nd3 Rc6 33. Qf2 Qe7 34. a4 f6 35. Qg3 Qe6 36. Rf1 f5 37. Qh3 Re8 38. Kh2 Rc7 39. Rf2 Rf7 40. Rcf1 Kg8 41. Kh1 Qd7 42. Kh2 Qc6 43. Qg2 Bg7 44. Kh3 Qc8 45. Kh2 Ref8 46. Qh3 b5 47. exf5 Rxf5 48. Rc1 bxa4 49. bxa4 e4 50. Ne1 Be5+ 51. Kh1 Qc6 52. Kg2 Bd4 53. Rf1 Qxa4 0-1

[Event "Budapest FS06 FM-A"]
[Site "Budapest"]
[Date "2013.06.07"]
[Round "7"]
[White "Mester, Attila"]
[Black "Reh, Philipp"]
[Result "1/2-1/2"]
[WhiteElo "2075"]
[BlackElo "2068"]
[PlyCount "22"]
[EventDate "2013.06.01"]
[EventType "tourn"]
[EventRounds "11"]
[EventCountry "HUN"]
[SourceTitle "CBM 154 Extra"]
[Source "ChessBase"]
[SourceDate "2013.06.25"]
[SourceVersion "2"]
[SourceVersionDate "2013.06.25"]
[SourceQuality "1"]

1. e4 g6 2. d4 d6 3. Nc3 Bg7 4. Be3 Nf6 5. h3 0-0 6. f4 c5 7. Nf3 cxd4 8. Nxd4 Nc6 9. Be2 Bd7 10. Nb3 Qc7 11. 0-0 Rac8 1/2-1/2

[Event "Budapest FS06 FM-A"]
[Site "Budapest"]
[Date "2013.06.03"]
[Round "3"]
[White "Montolio Benedicto, Cesar"]
[Black "Reh, Philipp"]
[Result "1/2-1/2"]
[WhiteElo "1972"]
[BlackElo "2068"]
[PlyCount "42"]
[EventDate "2013.06.01"]
[EventType "tourn"]
[EventRounds "11"]
[EventCountry "HUN"]
[SourceTitle "CBM 154 Extra"]
[Source "ChessBase"]
[SourceDate "2013.06.25"]
[SourceVersion "2"]
[SourceVersionDate "2013.06.25"]
[SourceQuality "1"]

1. e4 g6 2. d4 d6 3. c4 Bg7 4. Nf3 e6 5. Nc3 Ne7 6. Be2 Nd7 7. 0-0 0-0 8. Be3 h6 9. Qd2 Kh7 10. Rac1 c6 11. d5 exd5 12. exd5 c5 13. Bf4 Nf6 14. Bd3 Bg4 15. Ne1 a6 16. h3 Bf5 17. Nf3 Qd7 18. Bxf5 Nxf5 19. Rfe1 Rfe8 20. Rxe8 Rxe8 21. Re1 Nh5 1/2-1/2

[Event "Budapest FS06 FM-A"]
[Site "Budapest"]
[Date "2013.06.01"]
[Round "1"]
[White "Rabovszky, Gyorgy"]
[Black "Reh, Philipp"]
[Result "1-0"]
[WhiteElo "1913"]
[BlackElo "2068"]
[PlyCount "73"]
[EventDate "2013.06.01"]
[EventType "tourn"]
[EventRounds "11"]
[EventCountry "HUN"]
[SourceTitle "CBM 154 Extra"]
[Source "ChessBase"]
[SourceDate "2013.06.25"]
[SourceVersion "2"]
[SourceVersionDate "2013.06.25"]
[SourceQuality "1"]

1. e4 g6 2. d4 d6 3. Nf3 Nf6 4. Bd3 Bg7 5. 0-0 0-0 6. h3 Nc6 7. c3 e5 8. Bg5 Qe8 9. d5 Ne7 10. Qd2 Nh5 11. g4 Nf4 12. Bxf4 exf4 13. Re1 Be5 14. Nxe5 dxe5 15. c4 h5 16. gxh5 Kg7 17. Qc3 f6 18. Kh2 Rh8 19. Be2 g5 20. Nd2 Rh6 21. Rg1 Qh8 22. Bg4 Qd8 23. Rad1 Ng8 24. c5 Qe8 25. d6 Be6 26. Nc4 Qf7 27. dxc7 Ne7 28. Nd6 Qg8 29. c8Q Rxc8 30. Nxc8 Qxc8 31. Rd6 Bxg4 32. hxg4 Nc6 33. f3 Qe8 34. Kg2 Rh8 35. Qb3 Qc8 36. Qd5 Rf8 37. Rd1 1-0

[Event "Hessenliga 1213"]
[Site "Germany"]
[Date "2013.04.21"]
[Round "8.7"]
[White "Reh, Philipp"]
[Black "Heck, Stefan"]
[Result "1/2-1/2"]
[WhiteElo "2056"]
[BlackElo "2048"]
[PlyCount "116"]
[EventDate "2012.09.16"]
[EventType "team-tourn"]
[EventRounds "9"]
[EventCountry "GER"]
[SourceTitle "EXT 2014"]
[Source "ChessBase"]
[SourceDate "2013.11.20"]
[SourceVersion "1"]
[SourceVersionDate "2013.11.20"]
[SourceQuality "1"]
[WhiteTeam "Fulda"]
[BlackTeam "Steinbach"]
[WhiteTeamCountry "GER"]
[BlackTeamCountry "GER"]

1. Nf3 d5 2. g3 c5 3. Bg2 Nc6 4. 0-0 Nf6 5. d3 e5 6. c3 Be7 7. Qc2 0-0 8. Nbd2 h6 9. e4 dxe4 10. dxe4 Be6 11. Re1 Qc7 12. Nf1 Rad8 13. b3 Rd7 14. Ne3 Rfd8 15. Bb2 Ng4 16. Nxg4 Bxg4 17. Rad1 Rd6 18. h3 Be6 19. Bf1 Qa5 20. Rxd6 Rxd6 21. Bc1 Qd8 22. Be3 b6 23. Nd2 Na5 24. Nf3 Bf6 25. Re2 Qd7 26. Kh2 Nb7 27. Rd2 Rxd2 28. Nxd2 Nd6 29. Qd3 Qc6 30. c4 Nc8 31. Nb1 Qd7 32. Qxd7 Bxd7 33. Nc3 Ne7 34. Nd5 Nxd5 35. cxd5 Be7 36. a4 Bd6 37. Ba6 Kf8 38. f3 Ke7 39. h4 Kd8 40. Kg2 Kc7 41. Bb5 Bc8 42. Kf2 f5 43. Ke2 fxe4 44. fxe4 a6 45. Bc6 Bg4+ 46. Kd3 Bd1 47. Kc3 Be2 48. Be8 Bf1 49. Bg6 b5 50. axb5 axb5 51. g4 Be2 52. g5 hxg5 53. hxg5 Bd1 54. Bf5 b4+ 55. Kb2 Kb6 56. Bg6 Be2 57. Bf5 Bb5 58. g6 Be8 1/2-1/2

[Event "Hessenliga 1213"]
[Site "Germany"]
[Date "2013.02.17"]
[Round "6.6"]
[White "Hanemann, Ingo"]
[Black "Reh, Philipp"]
[Result "1-0"]
[WhiteElo "2188"]
[BlackElo "2056"]
[PlyCount "71"]
[EventDate "2012.09.16"]
[EventType "team-tourn"]
[EventRounds "9"]
[EventCountry "GER"]
[SourceTitle "EXT 2014"]
[Source "ChessBase"]
[SourceDate "2013.11.20"]
[SourceVersion "1"]
[SourceVersionDate "2013.11.20"]
[SourceQuality "1"]
[WhiteTeam "Bad Homburg"]
[BlackTeam "Fulda"]
[WhiteTeamCountry "GER"]
[BlackTeamCountry "GER"]

1. e4 g6 2. d4 d6 3. Nf3 Nf6 4. Nc3 Bg7 5. Bg5 c6 6. a4 a5 7. Nd2 Na6 8. Be2 0-0 9. 0-0 d5 10. exd5 Nxd5 11. Nxd5 Qxd5 12. Bxe7 Re8 13. Ba3 Qxd4 14. Nc4 Qxd1 15. Raxd1 Bf5 16. Bf3 Bxc2 17. Rd7 Rad8 18. Rxb7 Bd3 19. Nd6 Rxd6 20. Bxd6 Bxf1 21. Kxf1 Re6 22. Rd7 Bf8 23. Bxf8 Kxf8 24. Ra7 Nb4 25. Rxa5 Nd3 26. Be2 Nxb2 27. Ra7 c5 28. Bb5 c4 29. g3 c3 30. Rc7 Re4 31. a5 Rb4 32. a6 Nc4 33. Bxc4 c2 34. Bd5 Rb1+ 35. Ke2 Rb2 36. Kd2 1-0

[Event "Bad Zwesten op 16th"]
[Site "Bad Zwesten"]
[Date "2013.01.05"]
[Round "6"]
[White "Reh, Philipp"]
[Black "Paehtz, Thomas Sr"]
[Result "0-1"]
[WhiteElo "2056"]
[BlackElo "2401"]
[PlyCount "138"]
[EventDate "2013.01.02"]
[EventType "swiss"]
[EventRounds "7"]
[EventCountry "GER"]
[SourceTitle "EXT 2014"]
[Source "ChessBase"]
[SourceDate "2013.11.20"]
[SourceVersion "1"]
[SourceVersionDate "2013.11.20"]
[SourceQuality "1"]

1. d4 g6 2. c4 Bg7 3. e4 d6 4. Nc3 Nf6 5. Bd3 0-0 6. Nge2 Nbd7 7. 0-0 c5 8. d5 Ne5 9. f4 Nxd3 10. Qxd3 a6 11. a4 b6 12. h3 Ra7 13. Be3 e6 14. dxe6 fxe6 15. Rad1 Ne8 16. Ng3 Raf7 17. Kh2 Qc7 18. Kg1 Qc6 19. Nge2 Bb7 20. Kh2 Bf6 21. b3 Be7 22. g4 Bf6 23. Kg1 Bg7 24. g5 Rd7 25. h4 Nc7 26. Nd5 exd5 27. exd5 Nxd5 28. cxd5 Qc8 29. f5 Rdf7 30. Ng3 Be5 31. Bf4 Bd4+ 32. Be3 Bxd5 33. Bxd4 cxd4 34. Rf4 Ba8 35. Qxd4 Qc2 36. Rf2 Qxb3 37. Rd3 Qb1+ 38. Rf1 Qc2 39. Rf2 Qc1+ 40. Rd1 Qc6 41. a5 b5 42. Qxd6 Qc3 43. Rdf1 Qe3 44. Qf4 Qc5 45. h5 b4 46. hxg6 hxg6 47. f6 Rh7 48. Ne4 Qd4 49. f7+ Kh8 50. Ng3 Qxf4 51. Rxf4 b3 52. Rb4 Bd5 53. Rf6 Rh3 54. Ne2 Rxf7 55. Rxf7 Bxf7 56. Rb7 Kg8 57. Rb8+ Kg7 58. Rb7 Rh5 59. Nd4 Rxg5+ 60. Kf2 Rxa5 61. Ne6+ Kf6 62. Nd4 Ra2+ 63. Ke3 a5 64. Rb6+ Kg7 65. Kf4 a4 66. Rb7 Rd2 67. Nf3 Rf2 68. Ke3 Rxf3+ 69. Kxf3 a3 0-1

[Event "Bad Koenigshofen op 6th"]
[Site "Bad Koenigshofen"]
[Date "2007.12.28"]
[Round "6"]
[White "Reh, Philipp"]
[Black "Seidens, Udo"]
[Result "0-1"]
[WhiteElo "2093"]
[BlackElo "2184"]
[PlyCount "66"]
[EventDate "2007.12.26"]
[EventType "swiss"]
[EventRounds "7"]
[EventCountry "GER"]
[SourceTitle "CBM 122 Extra"]
[Source "ChessBase"]
[SourceDate "2008.03.04"]
[SourceVersion "1"]
[SourceVersionDate "2008.03.04"]
[SourceQuality "1"]

1. Nf3 d5 2. g3 Nf6 3. Bg2 Bf5 4. 0-0 e6 5. d3 Be7 6. Nbd2 c6 7. Qe1 0-0 8. e4 Bg6 9. h3 Nfd7 10. Nh2 f5 11. Nb3 Bf6 12. Na5 fxe4 13. dxe4 Nc5 14. e5 Be7 15. b4 b6 16. bxc5 bxa5 17. Qc3 Nd7 18. Be3 Rb8 19. Rab1 Rb4 20. Rxb4 axb4 21. Qxb4 Nxe5 22. Bd4 Bf6 23. Bxe5 Bxe5 24. Qb7 Qc7 25. Qxc7 Bxc7 26. Re1 e5 27. c3 e4 28. Ng4 h5 29. Ne3 Ba5 30. Rc1 Rb8 31. Rc2 Rb5 32. c4 Rb1+ 33. Nf1 d4 0-1